000 00320nam a22001337a 4500
008 170928b xxu||||| |||| 00| 0 eng d
020 _a9780205655311
041 _aeng
080 _24 ED
_a37
100 _a37
101 _aEDU
245 _aTHE LOGMAN ANTHOLOGY BRITISH LITERATURE
_cDETMAN.H
942 _2udc
_cBK
999 _c30536
_d30536